zpět

Detail výsledku týmu

Pivní burza Jánská, Brno

Datum a čas kvízu

34.5 Celkem bodů Celkový počet nahraných bodů na tomto kvízu bez doplňovacích otázek.
5. Pořadí na kvízu Konečné umístění týmu na tomto kvízu.

Zaznamenané odpovědi

# Otázka Odpověď Body Výsledky
1. Žatecký pivovar uvařil netradi... 0
2. V Evropské unii začalo platit... 0
3. Na fotce vidíme masku, pod kte... 0
4. Minulý týden byl ohlášen konec... 1
5. Česká fotbalová reprezentace p... 1
6. Od 4. do 11. února 1945 se na... 0
7. Hlavním a největším městem Ukr... 1
8. Který z těchto mužů v současné... 0
9. Mezi nejtypičtější ukrajinské... 0
10. Ukrajina drží jeden zajímavý s... 1